Stavební izolace

Saved in:
Bibliographic Details
Main Authors: Svoboda, Luboš (Author), Tobolka, Zdeněk (Author)
Format: Book
Language:Czech
Published: Praha : Český svaz stavebních inženýrů, 1997
Tags: Add Tag
No Tags, Be the first to tag this record!

MARC

LEADER 00000nam a22000003a 4500
001 stu73467
005 20150617225646.8
008 020130s1997----xr------------------cze-d
040 |a STU  |b slo 
041 0 |a cze 
044 |a xr 
080 |a 699.82 
100 1 |a Svoboda, Luboš  |4 aut 
245 1 |a Stavební izolace 
260 |a Praha :  |b Český svaz stavebních inženýrů,  |c 1997 
300 |a 150 s.;tab.,schémy 
700 1 |a Tobolka, Zdeněk  |4 aut 
996 |b 284V000377  |c V*47279/O-20816  |l VVS  |s A  |a 24  |w stu73467_0001